Палинологическая характеристика палеогена и неогена Зайсанской впадины / (Record no. 467732)
[ view plain ]
| 000 -LEADER | |
|---|---|
| fixed length control field | 00833nam-a2200193-a-4500 |
| 001 - CONTROL NUMBER | |
| control field | YSU0128845 |
| 003 - CONTROL NUMBER IDENTIFIER | |
| control field | AM-YeHGA |
| 005 - DATE AND TIME OF LATEST TRANSACTION | |
| control field | 20250617161229.0 |
| 008 - FIXED-LENGTH DATA ELEMENTS--GENERAL INFORMATION | |
| fixed length control field | 990916s1968 xxu 000 0 rus u |
| 040 ## - CATALOGING SOURCE | |
| Original cataloging agency | AM-YeHGA |
| 090 ## - LOCALLY ASSIGNED LC-TYPE CALL NUMBER (OCLC); LOCAL CALL NUMBER (RLIN) | |
| -- | 470962 |
| 100 10 - MAIN ENTRY--PERSONAL NAME | |
| Personal name | Ржаникова, Лариса Николаевна |
| 245 10 - TITLE STATEMENT | |
| Title | Палинологическая характеристика палеогена и неогена Зайсанской впадины / |
| Statement of responsibility, etc. | Л.Н. Ржаникова |
| 260 0# - PUBLICATION, DISTRIBUTION, ETC. | |
| Place of publication, distribution, etc. | Алма-Ата : |
| Name of publisher, distributor, etc. | Наука. КазССР |
| Date of publication, distribution, etc. | 1968. |
| 300 ## - PHYSICAL DESCRIPTION | |
| Extent | 223 с. |
| 550 ## - ISSUING BODY NOTE | |
| Issuing body note | АН КазССР. Ордена Трудового Красного Знамени ин-т геологических наук им. К.И. Сатпаева |
| 650 #4 - SUBJECT ADDED ENTRY--TOPICAL TERM | |
| Topical term or geographic name entry element | Палеоген и неоген |
| 650 #4 - SUBJECT ADDED ENTRY--TOPICAL TERM | |
| Topical term or geographic name entry element | Палинология |
| Withdrawn status | Lost status | Source of classification or shelving scheme | Damaged status | Not for loan | Collection | Home library | Current library | Date acquired | Total checkouts | Full call number | Barcode | Date last seen | Price effective from | Koha item type | Public note |
|---|---|---|---|---|---|---|---|---|---|---|---|---|---|---|---|
| Universal Decimal Classification | General | Fundamental Scientific Library | Fundamental Scientific Library | 06/03/2018 | PIII/25755 | FL0486993 | 06/03/2018 | 06/03/2018 | Գրքեր / Books | 30 Days Loan | |||||
| Universal Decimal Classification | General | Fundamental Scientific Library | Fundamental Scientific Library | 07/03/2018 | PIII/26074 | FL0485225 | 07/03/2018 | 07/03/2018 | Գրքեր / Books | 30 Days Loan |
ՀՀ Գիտությունների ազգային ակադեմիայի հիմնարար գիտական գրադարան = Fundamental Scientific Library of NAS RA
All site content, except where otherwise noted, is licensed under a